000 00934nam a22003017a 4500
001 7883
003 FISKH
005 20250813090037.0
008 250813b cb ||||| |||| 00| 0 eng d
020 _a9780816727544
040 _aFIKSH
_beng
_cFISKH
_dFISKH
050 _aGC21 .O53
082 _a551.46
100 _aOldershaw, Cally
245 _aOur planet :
_bOceans /
_cCally Oldershaw
250 _aThis edition first published in 1994
260 _aNew York :
_bEagle Book,
_c1994
300 _a32 pages :
_bcolor illustrations ;
_c23 cm
505 _aP
520 _aDescribes the physical characteristics, plants and animals, resources, pollution, and conservation of the world's oceans.
521 8 _a600
_bLexile
521 8 _aP
_bRaz-Plus
650 _2Water Life
_aTransportation
650 _2Weather/seasons
_aPollution
700 _aCroot, Jan
_dillustrator
942 _2ddc
_cBK
_n0
999 _c7883
_d7883